000 00379nam a22001697a 4500
005 20160623111936.0
008 160623b xxu||||| |||| 00| 0 eng d
020 _a978-0-07-059374-9
041 _aeng
082 _b9321
100 _aNarton, Peter
_92563
245 _aIntroduction of Computers
260 _bTMH
300 _a557
650 _aManagement
_9241
942 _cBK
999 _c3655
_d3654